Impact of rural electrification on small farmer economy in Karimnagar district of Andhra Pradesh (Record no. 15173)
[ view plain ]
| 000 -LEADER | |
|---|---|
| fixed length control field | 00652nam a2200169Ia 4500 |
| 082 ## - DEWEY DECIMAL CLASSIFICATION NUMBER | |
| Classification number | TR.0133 |
| 100 ## - MAIN ENTRY--AUTHOR NAME | |
| Personal name | Reddy, A. Sudarshan |
| 245 #0 - TITLE STATEMENT | |
| Title | Impact of rural electrification on small farmer economy in Karimnagar district of Andhra Pradesh |
| 260 ## - PUBLICATION, DISTRIBUTION, ETC. (IMPRINT) | |
| Year of publication | 1982 |
| Name of publisher | Osmania University |
| 300 ## - PHYSICAL DESCRIPTION | |
| Number of Pages | 409p. + C D - 52 |
| 650 ## - SUBJECT ADDED ENTRY--TOPICAL TERM | |
| Topical Term | SMALL FARMERS - ANDHRA PRADESH - KARIMNAGAR DISTRICT |
| 650 ## - SUBJECT ADDED ENTRY--TOPICAL TERM | |
| Topical Term | RURAL ELECTRIFICATION - ANDHRA PRADESH - KARIMNAGAR DISTRICT |
| 650 ## - SUBJECT ADDED ENTRY--TOPICAL TERM | |
| Topical Term | ELECTRICITY IN AGRICULTURE - ANDHRA PRADESH - KARIMNAGAR DISTRICT |
| 650 ## - SUBJECT ADDED ENTRY--TOPICAL TERM | |
| Topical Term | ELECTRIFICATION, RURAL//RURAL ELECTRIFICATION |
| 710 ## - ADDED ENTRY--CORPORATE NAME | |
| Corporate name or jurisdiction name as entry element | Suryanarayana, K.S. |
| 942 ## - ADDED ENTRY ELEMENTS (KOHA) | |
| Koha item type | Thesis |
| Source of classification or shelving scheme | Dewey Decimal Classification |
| Withdrawn status | Lost status | Damaged status | Not for loan | Home library | Current library | Date acquired | Bill Date | Full call number | Accession Number | Price effective from | Koha item type |
|---|---|---|---|---|---|---|---|---|---|---|---|
| NASSDOC Library | NASSDOC Library | 08/10/2004 | 2004-10-22 | TR.0133 | 20128 | 18/04/2019 | Thesis |
